000 00558nam a2200193Ia 4500
005 20250508160925.0
008 008 250505s9999 xx 000 0 eng d
037 _aTextual
040 _aFEDL
_beng
_cFEDL
041 _aeng
_2eng
084 _a025.3, SHA
_qFEDL
100 _aSharma C D
245 0 _aPractical cataloguing: Classified catalogue
260 _aDelhi, India
_bMetropolitan Book Company Private Limited
_c1972
300 _axii,222p.
650 _aLibrary Science
942 _cTEXL
_h025.3, SHA
999 _c1367420
_d1367420